| 000 | 00656nam a2200193 a 4500 | ||
|---|---|---|---|
| 003 | 0 | ||
| 005 | 20250222103630.0 | ||
| 008 | 111114s19uu xx 00 eng d | ||
| 050 |
_aPGS TX 756.7 _b.D265 2011 |
||
| 100 | _aDavison, Chynna Hope. | ||
| 245 |
_aDetergency property of different detergent powders / _cChynna Hope Davison. |
||
| 260 |
_aLas PiƱas City, Philippines : _bSouthville International School and Colleges, _c2011. |
||
| 300 |
_a16 pages : _billustrations ; _c28 cm. |
||
| 504 | _aIncludes bibliographical references. | ||
| 650 | _aDetergents. | ||
| 650 | _aDetergency. | ||
| 650 |
_aCleaning agents _vAnalysis. |
||
| 942 |
_2lcc _cPASS |
||
| 999 |
_c98638 _d98638 |
||